• 首页
  • 本馆介绍
  • 公告通知
  • 最新文献
  • 馆藏检索
  • 电子资源
  • 读者导购
  • 参考咨询
  • 我的图书馆
  • 登录
  • 详细信息显示
  • 放入我的书架
  • 预约/预借图书
  • 作者相关作品
  • 分类相关作品
  • 丛书相关作品
  • 出版社相关作品

书目信息

  • 表格格式
  • 工作单格式
  • 卡片格式
题名:
英美新殖民主义
    
 
作者: 张顺洪 著
分册:  
出版信息: 北京   社会科学文献出版社  1999.5
页数: 332页
开本: 32开
丛书名: 国际政治论坛
单 册:
中图分类: D51
科图分类:
主题词: 国际政治
电子资源:
ISBN: 7-80149-122-X
000 00606nam0 2200217 45
001 0012061611
005 20031225111736.9
010    @a7-80149-122-X@dCNY18.00
100    @a20001206d1999 km y0chiy0120 ea
101 0  @achi
105    @a z 000yy
200 1  @a英美新殖民主义@AYing Mei Xin Zhi Min Zhu Yi@f张顺洪等著@FZhang Shun Hong Deng Zhu
210    @a北京@c社会科学文献出版社@d1999.5
215    @a332页@d32开
225    @a国际政治论坛
410    @12001 @a国际政治论坛
606 0  @a国际政治
690    @aD51@v1
701  0 @a张顺洪@4著
801    @aCN@bTSTC@c20001206
905    @b293875@dD51@e80@f1
    
    英美新殖民主义/张顺洪等著.-北京:社会科学文献出版社,1999.5
    332页;32开.-(国际政治论坛)
    
    
    ISBN 7-80149-122-X:CNY18.00
    
●
相关链接 在E读中查询图书 在五车中查询图书 在当当中查询图书 在豆瓣中查询图书


正题名:英美新殖民主义     索取号:D51/80         预约/预借

序号 登录号 条形码 馆藏地/架位号 状态 备注
1 0293875   002938753   第一样本阅览室/ [索取号:D51/80] 在馆    
唐山师范学院图书馆 欢迎您!
大连网信软件有限公司© 版权所有